000 00487nam a2200181Ia 4500
008 090123s9999 xx 000 0 und d
082 _b2614
100 _aगांगल वसंत
245 _aशबरीची बोरे
250 _a1
260 _c1972
300 _a98
600 _aगांगल वसंत
630 _aशबरीची बोरे
700 _aगांगल वसंत
730 _aशबरीची बोरे
942 _cBOOK
999 _c40698
_d40698